skbl

Dr Suryya Kumar Bhuyan Library Web-OPAC
ডঃ সূৰ্য্য
কুমাৰ ভূঞা পুথিভঁৰাল ৱেব-অ'পেক

All Research Scholars are advised to clear the annual library fees to continue using Library Resources, Remote Access, Plagiarism Test and Library Clearance.

Cotton University Book Fair 2026

Pakhtunistan (Record no. 67496)

MARC details
000 -LEADER
fixed length control field 00493nam a22002057a 4500
003 - CONTROL NUMBER IDENTIFIER
control field OSt
005 - DATE AND TIME OF LATEST TRANSACTION
control field 20250212124603.0
008 - FIXED-LENGTH DATA ELEMENTS--GENERAL INFORMATION
fixed length control field 250212b |||||||| |||| 00| 0 eng d
020 ## - INTERNATIONAL STANDARD BOOK NUMBER
ISBN 9788175416185
040 ## - CATALOGING SOURCE
Transcribing agency SKBL
041 ## - LANGUAGE CODE
Language code of text/sound track or separate title eng
082 ## - DEWEY DECIMAL CLASSIFICATION NUMBER
Classification number 327
Item number Sin
100 ## - MAIN ENTRY--AUTHOR NAME
Personal name Singh, Sudhir Kumar
Relator term Author
245 ## - TITLE STATEMENT
Title Pakhtunistan
Remainder of title A Factor between Pakistan and Afghanistan
250 ## - EDITION STATEMENT
Edition statement First
260 ## - PUBLICATION, DISTRIBUTION, ETC. (IMPRINT)
Place of publication Delhi
Name of publisher Shipra Publication
Year of publication 2013
300 ## - PHYSICAL DESCRIPTION
Number of Pages 204p.
700 ## - ADDED ENTRY--PERSONAL NAME
Relator term Author
942 ## - ADDED ENTRY ELEMENTS (KOHA)
Koha item type Books
Holdings
Withdrawn status Department Home library Current library Accession Date Full call number Accession Number Price effective from Koha item type
  Political Science Dr. Suryya Kumar Bhuyan Library Dr. Suryya Kumar Bhuyan Library 12/02/2025 327 G7105 12/02/2025 Books

Designed and Maintained by Team SKBL
©1901-2026

Powered by Koha